[Event "BL 2016-17"]
[Site "Berlin"]
[Date "2017.04.29"]
[Round "13"]
[White "Zeller, Frank"]
[Black "Loxine, Jakov"]
[Result "0-1"]
[WhiteElo "2390"]
[BlackElo "2406"]
[Annotator "NA"]
[PlyCount "121"]
[EventDate "2017.??.??"]
[EventType "team-tourn"]
[EventCountry "GER"]
[SourceTitle "playchess.com"]
[Source "ChessBase"]
[SourceQuality "1"]
[WhiteTeam "Schwäbisch Hall"]
[BlackTeam "TU Dresden"]
[TimeControl "40/6000+30:3000+30"]

1. e4 {[%emt 0:00:00]} c5 {[%emt 0:00:04]} 2. Nf3 {[%emt 0:00:00]} Nc6 {[%emt 0:00:04]} 3. Nc3 {[%emt 0:00:05]} d6 {[%emt 0:00:07]} 4. d4 {[%emt 0:00:26]} cxd4 {[%emt 0:00:06]} 5. Nxd4 {[%emt 0:00:03]} e5 {[%emt 0:00:07]} 6. Nf5 {[%emt 0:11:30]} Bxf5 {[%emt 0:00:10]} 7. exf5 {[%emt 0:00:01]} Qd7 {[%emt 0:00:06]} 8. Bc4 {[%emt 0:09:52]} Qxf5 {[%emt 0:14:14]} 9. Be3 {[%emt 0:04:11]} Nf6 {[%emt 0:02:20]} 10. h3 {[%emt 0:01:52]} h6 {[%emt 0:04:18]} 11. g4 {[%emt 0:08:54]} Qd7 {[%emt 0:03:09]} 12. Qf3 {[%emt 0:00:43]} O-O-O {[%emt 0:14:53]} 13. O-O-O {[%emt 0:01:30]} Kb8 {[%emt 0:00:19]} 14. Rhg1 {[%emt 0:04:02]} Na5 {[%emt 0:12:32]} 15. Bb5 {[%emt 0:17:35]} Qe6 {[%emt 0:00:12]} 16. Nd5 {[%emt 0:01:42]} Nxd5 {[%emt 0:03:03]} 17. Rxd5 {[%emt 0:00:49]} g6 {[%emt 0:16:54]} 18. Bd3 $11 {[%emt 0:20:30]} Nc6 {[%emt 0:00:23]} 19. Be4 {[%emt 0:00:17]} a6 {[%emt 0:13:35]} 20. Rgd1 {[%emt 0:02:27]} Nd4 {[%emt 0:03:24]} 21. R5xd4 {[%emt 0:07:25]} exd4 {[%emt 0:00:07]} 22. Bxd4 {[%emt 0:00:06]} Rh7 {[%emt 0:04:47]} 23. Bxb7 {[%emt 0:04:28]} d5 {[%emt 0:01:10]} 24. Qb3 {[%emt 0:00:20]} Kc7 {[%emt 0:00:06]} 25. Ba7 {[%emt 0:04:15]} d4 {[%emt 0:05:51]} 26. Qf3 {[%emt 0:01:35]} f5 {[%emt 0:02:56]} 27. gxf5 {[%emt 0:00:34]} gxf5 {[%emt 0:00:06]} 28. Bxd4 {[%emt 0:00:33]} Rhd7 {[%emt 0:00:46]} 29. c3 {[%emt 0:02:39]} Bg7 {[%emt 0:01:49]} 30. Ba8 {[%emt 0:00:37]} Kb8 {[%emt 0:02:04]} 31. Bc6 {[%emt 0:00:36]} Rd6 {[%emt 0:00:52]} 32. Qg3 {[%emt 0:02:09]} Bxd4 {[%emt 0:00:30]} 33. Rxd4 {[%emt 0:00:01]} Kc8 {[%emt 0:01:23]} 34. Rxd6 {[%emt 0:02:41]} Rxd6 {[%emt 0:00:05]} 35. Bf3 {[%emt 0:00:38]} Qe1+ {[%emt 0:00:25]} 36. Kc2 {[%emt 0:00:01]} Qd2+ {[%emt 0:00:12]} 37. Kb3 {[%emt 0:01:19]} Rb6+ {[%emt 0:00:38]} 38. Kc4 {[%emt 0:00:00]} Rxb2 {[%emt 0:00:26]} 39. Qg8+ {[%emt 0:02:29]} Kc7 {[%emt 0:01:24]} 40. Qg7+ {[%emt 0:00:29]} Qd7 {[%emt 0:50:39]} 41. Qe5+ Kc8 {[%emt 0:00:00]} 42. Qc5+ {[%emt 0:07:01]} Qc7 {[%emt 0:00:00]} 43. Bc6 {[%emt 0:00:22]} Kb8 {[%emt 0:00:00]} 44. Qf8+ {[%emt 0:06:00]} Ka7 {[%emt 0:00:00]} 45. Qc5+ {[%emt 0:00:07]} Kb8 {[%emt 0:00:00]} 46. Qf8+ {[%emt 0:00:06]} Ka7 {[%emt 0:00:00]} 47. Qc5+ {[%emt 0:00:04]} Rb6 {[%emt 0:00:00]} 48. Kd5 {[%emt 0:00:11]} f4 {[%emt 0:00:00]} 49. f3 {[%emt 0:17:59]} Qf7+ {[%emt 0:00:00]} 50. Ke5 {[%emt 0:03:33]} Qh5+ {[%emt 0:00:00]} 51. Kd6 {[%emt 0:00:33]} Qxc5+ {[%emt 0:00:00]} 52. Kxc5 {[%emt 0:00:02]} Rb2 {[%emt 0:00:00]} 53. Bd5 {[%emt 0:00:05]} Rh2 {[%emt 0:00:00]} 54. Be6 {[%emt 0:00:07]} Rf2 {[%emt 0:00:00]} 55. Bd5 {[%emt 0:00:21]} Rh2 {[%emt 0:00:00]} 56. Be6 {[%emt 0:00:05]} Kb7 {[%emt 0:00:00]} 57. a4 {[%emt 0:09:58]} Kc7 {[%emt 0:00:00]} 58. c4 {[%emt 0:02:49]} Rb2 {[%emt 0:00:00]} 59. Bf5 {[%emt 0:01:55]} Re2 {[%emt 0:00:00]} 60. Bg4 {[%emt 0:01:05]} h5 61. Kd4 0-1

[Event "BL 2016-17"]
[Site "Berlin"]
[Date "2017.04.29"]
[Round "13"]
[White "Gauglitz, Gernot"]
[Black "Womacka, Mathias"]
[Result "1/2-1/2"]
[WhiteElo "2387"]
[BlackElo "2428"]
[Annotator "TA"]
[PlyCount "94"]
[EventDate "2017.??.??"]
[EventType "team-tourn"]
[EventCountry "GER"]
[SourceTitle "playchess.com"]
[Source "ChessBase"]
[SourceQuality "1"]
[WhiteTeam "TU Dresden"]
[BlackTeam "Schwäbisch Hall"]

{[%evp 31,94,7,16,10,18,14,19,25,14,7,14,0,0,0,9,13,16,25,21,12,12,9,10,8,13,-4,26,11,14,0,0,-8,0,0,0,-21,0,0,0,-8,-8,-8,-8,-6,-6,-5,0,0,0,0,14,14,15,0,0,0,0,-125,-125,-125,-126,-126,0,0,0]} 1. Nf3 c5 2. c4 Nf6 3. g3 b6 4. Bg2 Bb7 5. Nc3 e6 6. O-O Be7 7. Re1 d5 8. cxd5 Nxd5 9. e4 Nb4 10. d4 cxd4 11. Nxd4 N8c6 12. Be3 {A30: Symmetrical English: Double Fianchetto and Hedgehog} (12. Nxc6 Qxd1 13. Rxd1 Bxc6 14. Rb1 Rd8 15. Rxd8+ Kxd8 16. a3 Nd3 17. Be3 Kc7 18. f4 a5 19. e5 Rd8 20. Bxc6 Kxc6 {½-½ (28) So,W (2773)-Carlsen,M (2844) Wijk aan Zee 2016}) 12... Nxd4 13. Bxd4 O-O 14. Re2 Nc6 15. Be3 Qxd1+ 16. Rxd1 Rfd8 {LiveBook: 4 Games} 17. Red2 Rxd2 18. Rxd2 {Rd7 is the strong threat.} Rd8 19. Rxd8+ Bxd8 {[#]} 20. Nb5 $146 {Threatening e5!} Nb4 21. a3 Nd3 22. Bd4 a6 23. Nd6 Bc6 24. Bf1 Ne1 25. Bc3 Bc7 26. Bxe1 {[#] Hoping for e5.} Bxd6 27. Bxa6 Bxe4 $11 {[%mdl 4096] Endgame KBB-KBB} 28. Bc3 g5 29. Bd4 Bc7 $1 30. Kf1 f5 31. Ke2 Kf7 32. Bb5 e5 33. Bc4+ Kf6 34. Bc3 g4 35. b4 Bc6 36. b5 Bf3+ 37. Ke1 Bd6 38. a4 Bc5 39. a5 bxa5 40. Bxa5 f4 41. Bd8+ Kf5 42. Bd3+ Be4 43. Bxe4+ Kxe4 44. gxf4 (44. Bc7 $11) 44... exf4 $17 {And now ...Kf3 would win.} 45. Bc7 ({Much worse is} 45. b6 $6 Kd5 $11) 45... Kf3 46. Kf1 Bxf2 {[#]} (46... h5 $17 {Black wants to play ...h4.} 47. b6 Bxf2) 47. Bxf4 $1 $11 {[%mdl 512]} Bb6 (47... Kxf4 48. Kxf2) 1/2-1/2

[Event "BL 2016-17"]
[Site "Berlin"]
[Date "2017.04.29"]
[Round "13"]
[White "Hoffmann, Paul"]
[Black "Raykhman, Alexander"]
[Result "1/2-1/2"]
[WhiteElo "2386"]
[BlackElo "2403"]
[Annotator "TA"]
[PlyCount "82"]
[EventDate "2017.??.??"]
[EventType "team-tourn"]
[EventCountry "GER"]
[SourceTitle "playchess.com"]
[Source "ChessBase"]
[SourceQuality "1"]
[WhiteTeam "TU Dresden"]
[BlackTeam "Schwäbisch Hall"]

{[%evp 6,82,28,7,7,0,0,0,8,0,7,0,0,0,4,0,2,2,8,13,12,-10,26,25,24,13,29,26,21,15,9,19,18,0,0,-12,-8,-11,-15,-33,-18,-29,-22,-38,-8,-24,-25,-129,-132,-202,0,6,27,26,29,0,2,0,0,0,0,5,5,0,12,12,12,12,12,12,12,12,12,0,0,0,0,0,0]} 1. e4 c5 2. Nf3 d6 3. Nc3 a6 4. a4 {LiveBook: 37 Games} Bg4 {B50: Sicilian: 2...d6, Miscellaneous} (4... g6 5. d4 cxd4 6. Nxd4 Nf6 7. Be2 Bg7 8. O-O O-O 9. Nb3 b6 10. Re1 Bb7 11. Bf1 Nbd7 12. Nd5 e6 13. Nc3 Qc7 14. Bf4 Ne5 15. Qd2 Rfd8 16. Bh6 Bh8 {0-1 (39) Mamedov,R (2688)-Nakamura,H (2779) Doha 2016}) 5. h3 Bxf3 6. Qxf3 Nc6 $146 (6... e5 7. Bc4 Nf6 8. O-O Nbd7 9. d3 h6 10. Nd5 Rb8 11. Bd2 Nxd5 12. Bxd5 {0-1 (57) Castilla Casanova,V (1754)-Cassi Gimeno,J (1700) Barcelona 2014}) 7. Qd1 g6 8. g3 Bg7 9. Bg2 e6 10. O-O Nge7 11. d3 Rb8 12. Ne2 O-O 13. c3 b5 14. axb5 axb5 15. Bg5 h6 16. Be3 b4 17. Ra6 bxc3 18. bxc3 Rb2 19. Re1 Qb8 20. d4 cxd4 21. Nxd4 Rc8 22. Bf1 Ne5 23. Qa1 d5 24. Qa3 Rb7 25. Ra1 dxe4 {Strongly threatening ...Nd5.} 26. Nb5 (26. Ra8 $1 $11 {was the only way to keep the balance.} Qxa8 27. Qxa8 Rxa8 28. Rxa8+ Kh7 29. Bg2) 26... Nd5 $17 27. Ba7 (27. Ra8 $17 {might work better.} Qxa8 28. Qxa8 Rxa8 29. Rxa8+ Kh7 30. c4 Nxe3 31. fxe3) 27... Rxa7 $2 {[#]} ({Worse is} 27... Rxb5 28. Bxb8 Rbxb8 29. Kh1 $11) ({Better is} 27... Nf3+ $19 28. Kg2 Qe5) 28. Rxa7 $11 Nxc3 29. Nxc3 Nf3+ $1 30. Kh1 Bxc3 {The position is equal.} 31. Ra8 Qxa8 $1 32. Qxa8 Rxa8 33. Rxa8+ {[%mdl 4096] Endgame KRB-KBN} Kg7 34. Bg2 Bd4 35. Bxf3 exf3 {KR-KB} 36. Kg1 e5 {[%cal Be6e5,Be5e4,Be4e3,Be3e2][%mdl 32]} 37. Ra3 e4 38. Ra4 e3 $1 {[%cal Re3e2]} 39. Rxd4 e2 40. Re4 {Kh2 is the strong threat.} f5 41. Re3 {And now Kh2 would win.} g5 1/2-1/2

[Event "BL 2016-17"]
[Site "Berlin"]
[Date "2017.04.29"]
[Round "13"]
[White "Muse, Mladen"]
[Black "Jakubowski, Krzysztof"]
[Result "1-0"]
[WhiteElo "2385"]
[BlackElo "2534"]
[Annotator "TA"]
[PlyCount "121"]
[EventDate "2017.??.??"]
[EventType "team-tourn"]
[EventCountry "GER"]
[SourceTitle "playchess.com"]
[Source "ChessBase"]
[SourceQuality "1"]
[WhiteTeam "König Tegel"]
[BlackTeam "SF Berlin"]

{[%evp 11,120,45,39,-11,-10,-8,-14,-6,7,-14,7,2,2,0,67,65,62,60,61,60,80,81,78,82,84,79,88,84,91,100,182,154,146,122,114,110,107,107,122,125,127,112,120,119,123,108,164,164,166,156,188,187,204,212,313,310,305,295,353,350,339,310,318,311,308,277,271,244,204,0,231,0,220,214,518,514,542,532,577,548,516,515,453,441,636,619,772,709,1388,1358,4133,3338,6095,6079,29969,29972,29973,29973,29974,29975,29975,29975,29981,29981,29982,29983,29983,29984,29983,29976,29982]} 1. Nf3 d5 2. g3 c5 3. Bg2 f6 {A08: King's Indian Attack} (3... Nc6 4. d4 Nf6 5. O-O cxd4 6. Nxd4 e5 7. Nxc6 bxc6 8. c4 Be6 9. Bg5 Qd7 10. Bxf6 gxf6 11. e3 h5 12. Nc3 Rd8 13. Qa4 f5 14. Rfd1 e4 15. Bf1 Ke7 16. cxd5 cxd5 {0-1 (45) Jakovenko,D (2704)-Anand,V (2779) Doha 2016}) 4. d4 cxd4 5. Nxd4 e5 6. Nb3 {[%cal Bd4b3,Bb3a5,Ba5c4][%mdl 32]} Ne7 {LiveBook: 4 Games} 7. c4 dxc4 {...Qxd1+ is the strong threat.} 8. Qxd8+ Kxd8 9. Na5 Nec6 $146 {Strongly threatening ...Bb4+.} (9... Nbc6 10. Nxc4 Be6 11. Nba3 {0-1 (33) Mundorf,J (2209)-Goudriaan,E (2375) Germany 2016}) 10. Bd2 Bc5 11. Na3 Bxa3 12. bxa3 Kc7 (12... Nxa5 $11 13. Bxa5+ Ke7) 13. Nxc4 $14 Be6 14. Rc1 Rd8 15. f4 {Black must now prevent fxe5.} Rd4 16. Na5 {Hoping for fxe5.} Bd5 17. Bxd5 Rxd5 {[#]} 18. fxe5 $1 fxe5 19. Rf1 b6 {[#]} 20. Nc4 $1 Kb7 (20... Na6 $16) 21. Rf7+ Rd7 22. Nd6+ Kc7 23. Ne8+ Kb7 24. Rxg7 Rxg7 25. Nxg7 Nd4 26. e3 Nf3+ 27. Ke2 Nxd2 28. Kxd2 $16 {[%mdl 4096] Endgame KRN-KRN} Nc6 (28... Na6 $16 {was worth a try.}) 29. Ne6 $18 Re8 30. Ng5 e4 31. Rc4 Ne5 32. Rxe4 h6 {[#]} (32... Nf3+ $142 33. Ke2 (33. Nxf3 Rxe4 34. Nd4 Re5 $17) 33... Rxe4 34. Nxe4 Nxh2) 33. Nf7 $1 {[%cal Rf7d6][%mdl 512]} Nf3+ (33... Nxf7 34. Rxe8) 34. Kd3 Ne1+ 35. Ke2 ({Not} 35. Kd4 Nc2+ 36. Kd3 Ne1+ 37. Ke2 Rxe4 $18) 35... Rxe4 36. Nd6+ Kc6 37. Nxe4 {KN-KN} Nc2 38. a4 Kd5 39. Nf6+ Ke6 40. Ne4 Kd5 $1 {[%cal Rd5e4]} 41. Nf6+ Ke6 $1 {[%cal Re6f6]} 42. Ng4 Nb4 $2 (42... h5 {is tougher.}) 43. a3 Nc2 44. Kd3 Nxa3 45. Nxh6 b5 46. axb5 Nxb5 47. e4 Nd6 {[#]} (47... a5 $142 48. Nf5 Kf6) 48. Nf5 $1 Nf7 (48... Nxf5 49. exf5+) 49. Nd4+ Kd7 50. Nf3 a5 51. g4 {[%cal Bg3g4,Bg4g5][%mdl 32]} a4 52. h4 {[%cal Bh2h4,Bh4h5,Bh5h6,Bh6h7][%mdl 32]} Nd6 53. e5 {?ev?.} Nf7 54. Kc3 Ke6 55. Kb4 Nh6 56. g5 ({Worse is} 56. Kxa4 Nxg4 57. h5 Nxe5 $11) 56... Ng8 57. h5 Ne7 58. Kxa4 Kf5 59. h6 Ng6 60. Kb5 Kf4 61. h7 1-0

[Event "BL 2016-17"]
[Site "Berlin"]
[Date "2017.04.29"]
[Round "13"]
[White "Moehn, Hans"]
[Black "Cornette, Matthieu"]
[Result "0-1"]
[WhiteElo "2382"]
[BlackElo "2590"]
[Annotator "TA"]
[PlyCount "84"]
[EventDate "2017.??.??"]
[EventType "team-tourn"]
[EventCountry "GER"]
[SourceTitle "playchess.com"]
[Source "ChessBase"]
[SourceQuality "1"]
[WhiteTeam "TU Dresden"]
[BlackTeam "Schwäbisch Hall"]

{[%evp 11,84,-13,2,-30,-32,-34,-14,-8,-7,-37,-51,-73,-64,-96,-72,-72,-42,-53,-54,-68,-74,-74,-67,-134,-113,-115,-95,-93,-88,-104,-106,-99,-96,-110,-77,-75,-41,-86,-86,-78,-78,-80,-82,-84,-92,-77,-31,-77,-75,-116,-116,-114,-102,-97,-97,-114,-110,-127,-81,-71,-68,-94,-65,-121,-112,-161,-161,-133,-71,-412,-402,-1089,-1083,-1057,-1024]} 1. Nf3 Nf6 {[%cal Bg8f6,Bf6e4,Be4g5][%mdl 32]} 2. g3 g6 3. b3 Bg7 4. Bb2 d6 5. d4 c5 6. c4 Ne4 {LiveBook: 44 Games} 7. Nc3 $146 {A49: 1 d4 Nf6 2 Nf3 g6 3 g3: Anti-King's Indian systems} (7. Bg2 Qa5+ 8. Nfd2 Nxd2 9. Bc3 Qb6 10. dxc5 Nxb1 11. Bxg7 Qb4+ 12. Kf1 Rg8 13. Bb2 Nd2+ 14. Kg1 dxc5 15. Rc1 Nxb3 16. axb3 {½-½ (57) Sargissian,G (2702)-Li,C (2751) Huaian 2016}) 7... Qa5 8. Rc1 Nc6 {[%cal Rc5d4]} 9. e3 {The position is equal.} O-O {next ...Bg4 is good for Black.} 10. Bg2 Bg4 11. O-O {[#]} Ng5 $1 $36 {[%mdl 2560] And now ...cxd4 would win. Black has good play.} 12. Na4 (12. Nxg5 Bxd1) 12... cxd4 (12... e5 $5 {feels hotter.} 13. Bc3 Qc7 14. dxc5 e4 15. Nxg5 Bxd1 16. Rfxd1 Bxc3 17. Nxc3 dxc5 18. Ngxe4 Rad8) 13. exd4 Nxd4 14. Bxd4 Bxd4 15. Qxd4 Nxf3+ 16. Bxf3 Bxf3 17. h3 (17. Rfe1 $15) 17... Qf5 18. Kh2 Rfd8 19. Nc3 e6 20. Rfe1 Bc6 21. Qe3 h5 22. Rcd1 a6 23. Rd4 e5 24. Rd2 b5 25. Nd5 Bxd5 26. Rxd5 bxc4 27. bxc4 Rac8 28. Rc1 h4 29. g4 Qf6 30. c5 dxc5 $1 31. Rcxc5 Rxc5 32. Rxc5 $17 {[%mdl 4096] Endgame [#] KQR-KQR} e4 $1 {[%mdl 512]} 33. Kg2 (33. Qxe4 Qxf2+) 33... Qe6 34. Qg5 Re8 35. Qd2 Rb8 36. Rc3 Qf6 37. Qc2 (37. Qe3 $15) 37... Kg7 38. a3 Rb6 39. Qc1 Kh7 (39... Rd6 $142 {Hoping for ...Rd3.} 40. Qc2 Rb6) 40. Qc2 $2 {[%mdl 8192] [#]} (40. Qe3 $17 {is a better chance.}) 40... e3 $1 $19 {[%mdl 512]} 41. fxe3 (41. Rc7 $142 Rb3 42. Rc6) (41. Rxe3 Rb2) 41... Qe5 {...Qg3+ is the strong threat.} 42. e4 {[#]} Qb8 $1 0-1

[Event "BL 2016-17"]
[Site "Berlin"]
[Date "2017.04.29"]
[Round "13"]
[White "Muse, Drazen"]
[Black "Lauber, Arnd"]
[Result "0-1"]
[WhiteElo "2359"]
[BlackElo "2426"]
[Annotator "TA"]
[PlyCount "71"]
[EventDate "2017.??.??"]
[EventType "team-tourn"]
[EventCountry "GER"]
[SourceTitle "playchess.com"]
[Source "ChessBase"]
[SourceQuality "1"]
[WhiteTeam "König Tegel"]
[BlackTeam "SF Berlin"]

{[%evp 22,71,10,-17,-8,-91,-91,-91,-81,-103,-88,-91,-81,-212,-200,-206,-204,-200,-190,-205,-197,-200,-195,-198,-172,-147,-163,-304,-247,-272,-266,-266,-245,-310,-314,-286,-290,-335,-332,-347,-325,-291,-264,-520,-406,-386,-392,-510,-518,-587,-576,-29982]} 1. d4 Nf6 2. Nf3 e6 3. e3 b6 4. Bd3 Bb7 5. O-O d5 6. b3 Nbd7 7. Bb2 Bd6 8. c4 O-O 9. Nc3 a6 10. Rc1 Ne4 {E14: Queen's Indian: Classical Variation (4 e3)} (10... Qe7 11. Qc2 c5 12. cxd5 exd5 13. Bf5 g6 14. Bxd7 Nxd7 15. Rcd1 c4 16. Rfe1 Rfe8 17. bxc4 dxc4 18. e4 b5 {½-½ (41) Halkias,S (2585)-Matlakov,M (2694) Tallinn 2016}) 11. Na4 f5 12. Ne5 {LiveBook: 3 Games} dxc4 $146 {The position is equal.} (12... Bxe5 13. dxe5 Ndc5 14. Nxc5 Nxc5 15. Be2 {½-½ (15) Itkis,B (2429)-Filip,L (2480) Mamaia 2012}) 13. bxc4 (13. Bxc4 $11 {remains equal.} Qe7 14. Nxd7 Qxd7 15. Nc3) 13... Nxe5 $17 14. dxe5 Bb4 {Strongly threatening ...Nd2.} 15. Qe2 Nd2 16. Rfd1 Qe8 17. Nc3 (17. Bc3 $17 Qg6 18. f4 Nf3+ 19. Kh1) 17... Qg6 $19 {[%csl Gb7][%cal Rg6g2] [#]} 18. f4 Nf3+ $1 19. Kh1 Nh4 $40 {[%mdl 128] Black has strong attack.} ({Weaker is} 19... Bxc3 20. Bxc3 (20. Rxc3 Nh4 21. Rg1 Rfd8 $11) 20... Nh4 21. Rg1 $11) 20. Rg1 Rad8 {aiming for ...Rxd3!} 21. Rcd1 {[#]} Rd7 $1 22. Bc2 Rfd8 {And now ...Rxd1 would win.} 23. Rxd7 Rxd7 24. Nb1 (24. e4 $142) 24... Rd8 25. a3 Ba5 26. Bc1 h6 27. Bb2 c5 28. Bc1 h5 29. e4 fxe4 (29... Bxe4 $2 30. Bxe4 fxe4 31. Bd2 $19) 30. Nd2 Bxd2 31. Bxd2 Qg4 32. Qf2 $2 (32. Qxg4 hxg4 33. Bc1) 32... Nf5 33. Be3 h4 {Hoping for ...Ng3+!} 34. Re1 h3 35. gxh3 Qxh3 36. Qg1 0-1

[Event "BL 2016-17"]
[Site "Berlin"]
[Date "2017.04.29"]
[Round "13"]
[White "Braun, Christian"]
[Black "Gonda, Laszlo"]
[Result "1/2-1/2"]
[WhiteElo "2356"]
[BlackElo "2485"]
[Annotator "TA"]
[PlyCount "180"]
[EventDate "2017.??.??"]
[EventType "team-tourn"]
[EventCountry "GER"]
[SourceTitle "playchess.com"]
[Source "ChessBase"]
[SourceQuality "1"]
[WhiteTeam "Aufwärts Aachen"]
[BlackTeam "SG Trier"]

{[%evp 15,180,19,20,1,6,11,10,-36,-21,-30,-20,-35,14,14,17,17,25,25,41,6,52,52,52,52,52,52,52,38,52,52,52,52,51,50,57,57,57,57,57,57,57,53,53,44,57,57,64,0,0,0,0,0,0,0,0,0,0,0,0,0,0,0,-2,-2,-2,-18,0,-59,-42,-43,-43,-43,-45,-54,-43,-44,-40,-40,-40,-40,-40,-40,-40,-76,-109,-188,-183,-177,-168,-165,-40,-44,-40,-40,-40,-40,-40,-40,-40,-40,-40,-40,-41,-41,-44,-44,0,-41,-40,-40,-36,-38,-35,-39,-8,-8,-8,-8,0,-8,0,-43,0,-8,0,-43,-8,-41,-40,-52,-8,-173,-153,-107,-8,-8,-8,-8,-8,-8,-8,-8,-8,-8,-8,-8,-8,-8,0,-10,-8,-8,-8,-8,-8,-8,-8,-8,-8,-8,-8,-8,-8,-8,-8,-8,-8]} 1. e4 e5 2. Nf3 Nc6 3. Bc4 Bc5 4. c3 Nf6 5. d3 O-O 6. O-O d6 7. h3 h6 8. a4 {C54: Giuoco Piano: 4 c3 Nf6, main lines with 5 d4 and 5 d3} a5 {LiveBook: 6 Games} 9. Na3 Be6 10. Re1 Bxa3 11. Rxa3 $146 (11. Bxe6 Bxb2 12. Bxf7+ Rxf7 13. Bxb2 Qd7 14. c4 {0-1 (39) Hou,Y (2649)-Caruana,F (2813) Douglas 2016}) 11... Bxc4 12. dxc4 Nd7 13. Be3 Nc5 14. Bxc5 dxc5 15. Ra1 Qf6 16. Qd7 Rac8 17. Qf5 Qe6 18. Qxe6 fxe6 19. Rad1 Rcd8 20. Rxd8 Rxd8 $14 {[%mdl 4096] Endgame KRN-KRN} 21. Kf1 Kf7 22. h4 Kf6 23. Ke2 Ne7 24. Rh1 Rd6 25. Ne1 Ng6 {aiming for ...Nf4+.} 26. g3 $1 h5 27. Nd3 b6 28. Ke3 Rd8 29. Rd1 Ke7 30. Rd2 Kf6 31. f4 ({Better is} 31. f3 $14) 31... exf4+ $11 32. Nxf4 Rxd2 $1 33. Nxh5+ Kf7 34. Kxd2 {KN-KN} e5 35. Ke3 Ne7 36. g4 $1 Ng6 37. Ng3 Nxh4 38. Nf5 Ng2+ 39. Kf3 Nf4 40. Ne3 c6 41. b4 (41. g5 $11) 41... axb4 $15 42. cxb4 cxb4 {[#] ...b3 is the strong threat.} 43. c5 $1 {[%cal Rc5b6][%mdl 512]} b3 (43... bxc5 44. a5) 44. Nd1 $1 ({Don't capture} 44. Nc4 $2 b5 45. axb5 cxb5 $19) 44... b5 45. a5 Ne6 46. a6 Nc7 47. a7 Ke7 {And now ...Kd8 would win.} 48. Ke3 Kd7 49. Kd3 Kc8 $1 {[%cal Rc8b7]} 50. Kc3 (50. Nf2 $17) 50... Kb7 $19 51. Nb2 Ne6 ({Resist} 51... Kxa7 52. Nd3 $17) 52. Nd3 Kxa7 ({Black should try} 52... Nd4 $1 $19 53. Nxe5 b4+ 54. Kb2 Kxa7) 53. Kxb3 $15 Kb7 54. Kb4 Ng5 55. Nxe5 Nxe4 56. Nd3 Kc7 57. Ne5 Ng5 58. Kc3 Ne6 59. Kb4 Nf4 60. Kc3 Ne6 61. Kb4 Kb7 62. Nd3 Nc7 63. Kc3 Nd5+ 64. Kd4 Ka6 {Hoping for ...b4.} 65. Ne5 Ne7 {Strongly threatening ...Ka5.} 66. Nd3 Nd5 {White must now prevent ...b4.} 67. Ne5 Kb7 68. Nd3 Ka6 69. Ne5 Kb7 70. Nd3 Kc8 71. Ne5 Kc7 72. Nd3 b4 73. g5 $2 (73. Kc4 $11) 73... b3 $1 $19 74. Kc4 {[#]} Kd7 (74... Nf4 $1 $17 {[%cal Rf4d3][%mdl 512]} 75. Nb2 (75. Nxf4 b2) 75... Kd7 76. Kxb3 Ke6) 75. Kxb3 $11 {The position is equal.} Ke6 76. g6 Kf5 77. Kc4 Ne7 78. Kd4 $1 Nxg6 79. Ke3 Ne5 {Threatens to win with ...Nxd3.} 80. Nb4 Nc4+ 81. Kf3 Ne5+ 82. Ke3 $1 g5 83. Nc2 Nc4+ 84. Kf3 g4+ 85. Kg3 Kg5 86. Nd4 Ne5 87. Ne6+ Kf5 88. Nd4+ Ke4 {[#]} 89. Nxc6 $1 {[%mdl 512]} Nxc6 90. Kxg4 Ke5 1/2-1/2

[Event "BL 2016-17"]
[Site "Berlin"]
[Date "2017.04.29"]
[Round "13"]
[White "Seger, Ruediger"]
[Black "Capone, Nicola"]
[Result "1/2-1/2"]
[WhiteElo "2351"]
[BlackElo "2349"]
[Annotator "NA"]
[PlyCount "112"]
[EventDate "2017.??.??"]
[EventType "team-tourn"]
[EventCountry "GER"]
[SourceTitle "playchess.com"]
[Source "ChessBase"]
[SourceQuality "1"]
[WhiteTeam "SG Trier"]
[BlackTeam "Aufwärts Aachen"]
[TimeControl "40/6000+30:3000+30"]

1. e4 {[%emt 0:00:00]} e6 {[%emt 0:00:14]} 2. d4 {[%emt 0:00:02]} d5 {[%emt 0:00:04]} 3. Nd2 {[%emt 0:00:12]} Nc6 {[%emt 0:00:05]} 4. Ngf3 {[%emt 0:00:45]} Nf6 {[%emt 0:00:05]} 5. e5 {[%emt 0:00:18]} Nd7 {[%emt 0:00:04]} 6. Be2 {[%emt 0:00:37]} f6 {[%emt 0:00:05]} 7. exf6 {[%emt 0:00:05]} Qxf6 {[%emt 0:00:04]} 8. Nf1 {[%emt 0:00:31]} Bd6 {[%emt 0:00:04]} 9. Ne3 {[%emt 0:01:14]} b6 {[%emt 0:00:04]} 10. O-O {[%emt 0:05:15]} Bb7 {[%emt 0:00:03]} 11. c3 {[%emt 0:14:47]} O-O-O {[%emt 0:10:29]} 12. Ng4 {[%emt 0:05:35]} Qf5 {[%emt 0:17:41]} 13. Nh4 {[%emt 0:00:41]} Qf7 {[%emt 0:01:38]} 14. f4 {[%emt 0:00:53]} Nf6 {[%emt 0:13:26]} 15. Ne5 {[%emt 0:01:34]} Qe7 $16 {[%emt 0:06:57]} 16. Nhf3 {[%emt 0:07:33]} Ne4 {[%emt 0:06:40]} 17. Be3 {[%emt 0:13:26]} Rdf8 {[%emt 0:11:35]} 18. Nd2 {[%emt 0:05:50]} Qe8 {[%emt 0:14:07]} 19. Bb5 {[%emt 0:09:22]} a6 {[%emt 0:02:52]} 20. Bxc6 {[%emt 0:00:44]} Bxc6 {[%emt 0:00:04]} 21. Nxc6 {[%emt 0:01:02]} Qxc6 {[%emt 0:00:04]} 22. Nxe4 {[%emt 0:00:05]} dxe4 {[%emt 0:00:03]} 23. Qe2 {[%emt 0:00:13]} a5 {[%emt 0:09:48]} 24. Rae1 {[%emt 0:00:18]} Rf6 {[%emt 0:00:13]} 25. Bc1 {[%emt 0:00:39]} Rhf8 {[%emt 0:00:26]} 26. Qxe4 {[%emt 0:01:43]} Qxe4 {[%emt 0:00:04]} 27. Rxe4 {[%emt 0:00:06]} g5 {[%emt 0:00:45]} 28. Rfe1 {[%emt 0:00:43]} gxf4 {[%emt 0:09:12]} 29. Rxe6 {[%emt 0:00:24]} Kd7 {[%emt 0:01:47]} 30. Rxf6 {[%emt 0:00:56]} Rxf6 {[%emt 0:00:01]} 31. Kf2 {[%emt 0:02:35]} Rh6 {[%emt 0:01:48]} 32. h3 {[%emt 0:00:52]} Re6 {[%emt 0:00:02]} 33. Re2 {[%emt 0:05:36]} c6 {[%emt 0:03:34]} 34. Kf3 {[%emt 0:00:46]} Rxe2 {[%emt 0:00:16]} 35. Kxe2 {[%emt 0:00:04]} Ke6 {[%emt 0:00:01]} 36. Kd3 {[%emt 0:00:13]} Kf5 {[%emt 0:00:05]} 37. a4 {[%emt 0:02:14]} h5 {[%emt 0:00:18]} 38. Bd2 {[%emt 0:01:15]} Be7 {[%emt 0:01:31]} 39. b4 {[%emt 0:01:21]} Bd6 {[%emt 0:00:19]} 40. bxa5 {[%emt 0:01:30]} bxa5 41. c4 {[%emt 0:52:37]} Bc7 {[%emt 0:50:05]} 42. c5 {[%emt 0:00:19]} Bd8 {[%emt 0:01:57]} 43. d5 {[%emt 0:01:15]} cxd5 {[%emt 0:01:17]} 44. Kd4 {[%emt 0:00:07]} Ke6 {[%emt 0:00:10]} 45. Bxf4 {[%emt 0:00:10]} Bf6+ {[%emt 0:00:08]} 46. Kd3 {[%emt 0:00:19]} Kd7 {[%emt 0:00:25]} 47. g4 {[%emt 0:11:38]} hxg4 {[%emt 0:00:12]} 48. hxg4 {[%emt 0:00:04]} Kc6 {[%emt 0:01:20]} 49. Be3 {[%emt 0:00:20]} Be7 {[%emt 0:00:00]} 50. Bd4 {[%emt 0:00:00]} Bg5 {[%emt 0:00:00]} 51. Ke2 {[%emt 0:00:00]} Bh6 {[%emt 0:00:00]} 52. Kf3 {[%emt 0:00:00]} Bg5 {[%emt 0:00:00]} 53. Kg3 {[%emt 0:00:00]} Kd7 {[%emt 0:00:00]} 54. Kf3 {[%emt 0:00:00]} Kc6 {[%emt 0:00:00]} 55. Be3 {[%emt 0:00:00]} Bf6 {[%emt 0:00:00]} 56. Bd2 {[%emt 0:00:00]} Bd8 {[%emt 0:00:00]} 1/2-1/2